Приемы объектно-ориентированного проектирования. Паттерны проектирования: пер. с англ.

Chi tiết về thư mục
Tác giả khác: Гамма Э. Эрих, Хелм Р. Рихард, Джонсон Р. Ральф, Влиссидес Дж. Джон
Tóm tắt:В предлагаемой книге описываются простые и изящные решения типичных задач, возникающих в объектно-ориентированном проектировании. Паттерны появились потому, что многие разработчики искали пути повышения гибкости и степени повторного использования своих программ. Найденные решения воплощены в краткой и легко применимой на практике форме. Авторы излагают принципы использования паттернов проектирования и приводят их каталог. Таким образом, книга одновременно решает две задачи. Во-первых, здесь демонстрируется роль паттернов в создании архитектуры сложных систем. Во-вторых, применяя содержащиеся в справочнике паттерны, проектировщик сможет с легкостью разрабатывать собственные приложения. Издание предназначено как для профессиональных разработчиков, так и для программистов, осваивающих объектно-ориентированное проектирование.
Ngôn ngữ:Tiếng Nga
Được phát hành: СПб., Питер, 2006
Loạt:Библиотека программиста
Những chủ đề:
Định dạng: Sách
KOHA link:https://koha.lib.tpu.ru/cgi-bin/koha/opac-detail.pl?biblionumber=101382

MARC

LEADER 00000nam0a2200000 4500
001 101382
005 20231031112613.0
010 |a 5469011364 
035 |a (RuTPU)RU\TPU\book\109262 
090 |a 101382 
100 |a 20060911d2006 k y0rusy50 ca 
101 1 |a rus  |c eng 
102 |a RU 
105 |a a z 001zy 
200 1 |a Приемы объектно-ориентированного проектирования. Паттерны проектирования  |e пер. с англ.  |f Э. Гамма [и др.] 
210 |a СПб.  |c Питер  |d 2006 
215 |a 366 с.  |c ил. 
225 1 |a Библиотека программиста 
320 |a Библиогр.: с. 353-358. 
320 |a Алфавитный указатель: с. 359-366. 
330 |a В предлагаемой книге описываются простые и изящные решения типичных задач, возникающих в объектно-ориентированном проектировании. Паттерны появились потому, что многие разработчики искали пути повышения гибкости и степени повторного использования своих программ. Найденные решения воплощены в краткой и легко применимой на практике форме. Авторы излагают принципы использования паттернов проектирования и приводят их каталог. Таким образом, книга одновременно решает две задачи. Во-первых, здесь демонстрируется роль паттернов в создании архитектуры сложных систем. Во-вторых, применяя содержащиеся в справочнике паттерны, проектировщик сможет с легкостью разрабатывать собственные приложения. Издание предназначено как для профессиональных разработчиков, так и для программистов, осваивающих объектно-ориентированное проектирование. 
451 1 |0 (RuTPU)RU\TPU\book\63839  |y 5-272-00355-1  |t Приемы объектно-ориентированного проектирования. Паттерны проектирования  |o пер. с англ.  |f Э. Гамма, Р. Хелм, Р. Джонсон, Дж. Влиссидес  |c СПб.  |n Питер  |d 2004  |p 366 с.  |s Библиотека программиста 
610 1 |a программирование 
610 1 |a объектно-ориентированное программирование 
610 1 |a паттерны 
610 1 |a документы 
610 1 |a редакторы 
610 1 |a использование 
675 |a 681.3.068  |v 3 
701 1 |a Гамма  |b Э.  |g Эрих 
701 1 |a Хелм  |b Р.  |g Рихард 
701 1 |a Джонсон  |b Р.  |g Ральф 
701 1 |a Влиссидес  |b Дж.  |g Джон 
801 1 |a RU  |b 63413507  |c 20060911  |g PSBO 
801 2 |a RU  |b 63413507  |c 20100521  |g PSBO 
900 |a Технология программирования 
942 |c BK 
959 |a 76/20060901  |d 1  |e 198,00  |f НФ:1